Problemática territorial y ambiental en el desarrollo regional (Registro nro. 105718)
[ vista simple ]
| 000 -LEADER | |
|---|---|
| fixed length control field | nam a22 7a 4500 |
| 005 - DATE AND TIME OF LATEST TRANSACTION | |
| control field | 20200129130234.0 |
| 008 - FIXED-LENGTH DATA ELEMENTS--GENERAL INFORMATION | |
| fixed length control field | 200129b mx ||||| |||| 00| 0 spa d |
| 020 ## - INTERNATIONAL STANDARD BOOK NUMBER | |
| International Standard Book Number | 9686766294 |
| 050 04 - LIBRARY OF CONGRESS CALL NUMBER | |
| Classification number | HT395.M6 |
| Item number | P76 2005 |
| 245 00 - TITLE STATEMENT | |
| Title | Problemática territorial y ambiental en el desarrollo regional |
| Statement of responsibility, etc | / coordinador Rosalio Wences Reza ... [et al.]. |
| 250 ## - EDITION STATEMENT | |
| Edition statement | 1a ed. |
| 260 ## - PUBLICATION, DISTRIBUTION, ETC. (IMPRINT) | |
| Place of publication, distribution, etc | México : |
| Name of publisher, distributor, etc | Universidad Autonóma de Guerrero, Unidad de Ciencias de Desarrollo Regional, |
| Date of publication, distribution, etc | 2005. |
| 300 ## - PHYSICAL DESCRIPTION | |
| Extent | 519 p. ; |
| Dimensions | 21 cm. |
| 504 ## - BIBLIOGRAPHY, ETC. NOTE | |
| Bibliography, etc | Incluye bibliografías. |
| 506 ## - RESTRICTIONS ON ACCESS NOTE | |
| Terms governing access | Rec. prop. esc. |
| 650 #7 - SUBJECT ADDED ENTRY--TOPICAL TERM | |
| Source of heading or term | lemb |
| Topical term or geographic name as entry element | Desarrollo rural |
| General subdivision | Aspectos ambientales |
| Geographic subdivision | México |
| 650 #4 - SUBJECT ADDED ENTRY--TOPICAL TERM | |
| Topical term or geographic name as entry element | Desarrollo sustentable |
| General subdivision | Aspectos sociales |
| Geographic subdivision | México |
| 700 1# - ADDED ENTRY--PERSONAL NAME | |
| Personal name | Wences Reza, Rosalio, |
| Relator term | coordinador |
| 700 1# - ADDED ENTRY--PERSONAL NAME | |
| Personal name | Sampedro Rosas, Laura, |
| Relator term | coordinador |
| 700 1# - ADDED ENTRY--PERSONAL NAME | |
| Personal name | López Velasco, Rocío, |
| Relator term | coordinador |
| 700 1# - ADDED ENTRY--PERSONAL NAME | |
| Personal name | Rosas Acevedo, José Luis, |
| Relator term | coordinador |
| 942 ## - ADDED ENTRY ELEMENTS (KOHA) | |
| Source of classification or shelving scheme | Biblioteca del Cogreso de los Estados Unidos |
| Koha item type | Libro |
| Estado de pérdida | Fuente de clasificación | Estado del daño | No para préstamo | Ubicación permanente | Ubicación actual | Apartado o colección | Fecha de adquisición | Edición | Dependencia de educación superior (DES) | Área del conocimiento | Clasificación | Código de Barras | Date last seen | Número de copia | Costo por reposición | Tipo de recurso |
|---|---|---|---|---|---|---|---|---|---|---|---|---|---|---|---|---|
| Biblioteca del Cogreso de los Estados Unidos | Biblioteca del Instituto de Investigaciones Económicas y Empresariales | Biblioteca del Instituto de Investigaciones Económicas y Empresariales | General | 17/11/2015 | 1a ed. | Ciencias Económico Administrativas | Ciencias Sociales y Administrativas | HT395.M6 P76 2005 | IIE000003740 | 17/11/2015 | 1 | 1.00 | Libro | |||
| Biblioteca del Cogreso de los Estados Unidos | Biblioteca del Instituto de Investigaciones Económicas y Empresariales | Biblioteca del Instituto de Investigaciones Económicas y Empresariales | General | 17/11/2015 | 1a ed. | Ciencias Económico Administrativas | Ciencias Sociales y Administrativas | HT395.M6 P76 2005 | IIE000003739 | 17/11/2015 | 2 | 1.00 | Libro | |||
| Descarte | Biblioteca del Cogreso de los Estados Unidos | Biblioteca del Instituto de Investigaciones Económicas y Empresariales | Biblioteca del Instituto de Investigaciones Económicas y Empresariales | General | 17/11/2015 | 1a ed. | Ciencias Económico Administrativas | Ciencias Sociales y Administrativas | HT395.M6 P76 2005 | IIE000003738 | 17/11/2015 | 3 | 1.00 | Libro | ||
| Biblioteca del Cogreso de los Estados Unidos | Biblioteca del Instituto de Investigaciones Económicas y Empresariales | Biblioteca del Instituto de Investigaciones Económicas y Empresariales | General | 17/11/2015 | 1a ed. | Ciencias Económico Administrativas | Ciencias Sociales y Administrativas | HT395.M6 P76 2005 | IIE000003737 | 17/11/2015 | 4 | 1.00 | Libro | |||
| Biblioteca del Cogreso de los Estados Unidos | Biblioteca del Instituto de Investigaciones Económicas y Empresariales | Biblioteca del Instituto de Investigaciones Económicas y Empresariales | General | 17/11/2015 | 1a ed. | Ciencias Económico Administrativas | Ciencias Sociales y Administrativas | HT395.M6 P76 2005 | IIE000003736 | 17/11/2015 | 5 | 1.00 | Libro | |||
| Biblioteca del Cogreso de los Estados Unidos | Biblioteca del Instituto de Investigaciones Económicas y Empresariales | Biblioteca del Instituto de Investigaciones Económicas y Empresariales | General | 29/01/2020 | 1a ed. | Ciencias Económico Administrativas | Ciencias Sociales y Administrativas | HT395.M6 P76 2005 | IIE000006644 | 29/01/2020 | 3 | 1.00 | Libro |